000 00779nam a2200241Ia 4500
003 OSt
005 20220923213600.0
006 a|||||r|||| 00| 0
007 ta
008 220922b |||||||| |||| 00| 0 hin d
024 _a163,112
037 _cTextual
040 _aARTS
_cARTS
_bhin
041 _2hin
_ahin
082 _aO152,1N08:g, K5
100 _aविजेन्द्र नारायण सिंह
245 0 _aदिनकर
_b एक पूनर्मूल्याकन
246 _aDinakara: ek pūnarmūlyākana
260 _c1965
650 _aहिन्दी साहित्य
_9156264
942 _hO152,1N08:g, K5
_cTEXL
_2CC
999 _c317592
_d317592